KARCINOGENNÍ ÚČINKY IONISAČNÍHO ZÁŘENÍ S FYSIKÁLNÍHO HLEDISKA

Bibliographic Details
Main Author: Běhounek, František, 1898-1973 (Author)
Format: Article
Language:Czech

MARC

LEADER 00000nab a2200000uu 4500
001 vtls011488093
003 SK-MaSNL
005 20260303133740.0
008 230218|1955 xo |||||||||||||||||cze|
015 |a SNBRB 
035 |a (urnnbn)urn:nbn:sk:snk:ar-007ctm 
035 |a (uuid)f1b63720-7544-4942-936b-cbf58e05ffaa 
035 |a urn:nbn:sk:snk-abddue 
040 |a SNKBUCL  |b slo  |c SNKBUCL  |e AACR2 
041 0 |a cze 
044 |a xo  |c SK 
100 1 |a Běhounek, František,  |d 1898-1973  |4 aut  |9 121433 
245 1 0 |a KARCINOGENNÍ ÚČINKY IONISAČNÍHO ZÁŘENÍ S FYSIKÁLNÍHO HLEDISKA  |c František Běhounek 
773 0 |t Československá onkológia  |g Roč. 2, č. 1 (1955), s. 3-14 
954 |a odborná, vedecká literatúra cudzojazyčná (svetová)  |2 lita 
958 |a OND 
958 |a EUIPO 
958 |a article18 
999 |c 1958487  |d 1960417